00169nam a2200073Ia 4500008004100000100001400041245002200055260001800077170817s9999 xx 000 0 und d aPanda.B.N 0aTeacher Education bA. P. H. PUB.